Fundamentals of vehicle dynamics
This book provides a clear and practical introduction to how vehicles move, focusing on the physics behind acceleration, braking, cornering, and ride. It explains key concepts like tire forces, weight transfer, suspension behavior, and handling characteristics in a way that's useful for automot...
Đã lưu trong:
| 主要作者: | |
|---|---|
| 格式: | 圖書 |
| 語言: | Vietnamese |
| 出版: |
Warrendale, PA
SAE International
2021
|
| 版: | Revised ed. |
| 主題: | |
| 標簽: |
添加標簽
沒有標簽, 成為第一個標記此記錄!
|
| Thư viện lưu trữ: | Thư viện Trường Đại học Nam Cần Thơ |
|---|
| LEADER | 01233nam a22002177a 4500 | ||
|---|---|---|---|
| 001 | NCT_4_018135 | ||
| 008 | 250412b xxu||||| |||| 00| 0 vie d | ||
| 999 | |c 8871 |d 8871 | ||
| 020 | |a 9781468601763 |c 4654000 | ||
| 082 | 0 | 4 | |2 23rd ed. |a 629.231 |b G478 |
| 100 | 1 | |a Gillespie, Thomas D. | |
| 245 | 1 | 0 | |a Fundamentals of vehicle dynamics |c Thomas D. Gillespie |
| 250 | |a Revised ed. | ||
| 260 | |a Warrendale, PA |b SAE International |c 2021 | ||
| 300 | |a xxx, 480 p. |b ill. |c 26 cm | ||
| 504 | |a Includes bibliographical references and index | ||
| 520 | 3 | |a This book provides a clear and practical introduction to how vehicles move, focusing on the physics behind acceleration, braking, cornering, and ride. It explains key concepts like tire forces, weight transfer, suspension behavior, and handling characteristics in a way that's useful for automotive engineers and students. The revised edition includes updated examples and modern vehicle technologies. | |
| 653 | |a Công nghệ kỹ thuật ô tô | ||
| 942 | |2 ddc |c BK | ||
| 952 | |0 0 |1 0 |2 ddc |4 0 |6 629_231000000000000_G478 |7 0 |9 30524 |a 000001 |b 000001 |d 2025-04-23 |o 629.231 G478 |p MD.23686 |r 2025-04-23 |v 999999.99 |w 2025-04-23 |y BK | ||
| 980 | |a Thư viện Trường Đại học Nam Cần Thơ | ||


